01959nab a2200193uuc4500001000800000005001700008008004100025035001200066035002100078040001300099041000800112100003000120245012000150520119800270650006401468650003301532700003001565773017001595123317220240202101117.0110224m01uu2010 spa  a1233172 a(OCoLC)820575604 ccomduadb aspa10aSinghal, Arvind4auteaut10aTarjetas de valoración cultural : un llamado para desarrollar sentidos participativos de monitoreo y evaluación3 aLos profesionales del cambio social reconocen cada vez más que los indicadores tradicionales, tanto en los conocimientos como en las actitudes y prácticas ("KAP") participantes, resultan inadecuados para calibrar la eficacia de los programas. En este artículo se explora el potencial de los métodos de investigación participativa como medio para generar otros más apropiados. Los nuevos indicadores propuestos, bautizados como tarjetas de valoración cultural ("cultural scorecards" en inglés), son sentidos locales relevantes y culturalmente arraigados destinados a evaluar lo que constituye un "cambio" para el usuario final. Se analizan ejemplos de tarjetas de valoración cultural provenientes de tres proyectos de evaluación participativa llevados a cabo en Uganda, India y Perú, con el fin de ilustrar el valor que añaden a las tradiciones actuales de monitoreo, valoración y evaluación de impactos. Este análisis da lugar a dos implicaciones fundamentales; (1) una relacionada con el valor epistemológico de las tarjetas de valoración cultural, y (2) otra que habla del potencial al emplear esas tarjetas en todo tipo de investigación intervencional. aMétodos de investigación en Ciencias humanas y sociales 7aInvestigación social2lemb10aDurá, Lucía4auteaut0 tFolios : Revista de la Facultad de Comunicaciones de la Universidad de Antioquia (Medellín)gNúmero 23, Enero-Junio de 2010, p. 161-180w130392x0123-1022070709